Т. 330, № 4; Известия Томского политехнического университета [Известия ТПУ]. Инжиниринг георесурсов

Podrobná bibliografie
Parent link:Известия Томского политехнического университета [Известия ТПУ]. Инжиниринг георесурсов/ Национальный исследовательский Томский политехнический университет (ТПУ). Т. 330, № 4.— , 2015-.— 2413-1830
Jazyk:ruština
Vydáno: 2019
Témata:
On-line přístup:http://earchive.tpu.ru/bitstream/11683/53212/1/bulletin_tpu-2019-v330-i4.pdf
https://doi.org/10.18799/24131830/2019/4
Médium: Elektronický zdroj Kniha
KOHA link:https://koha.lib.tpu.ru/cgi-bin/koha/opac-detail.pl?biblionumber=342879

MARC

LEADER 00000nlm2a2200000 4500
001 342879
005 20231102005511.0
035 |a (RuTPU)RU\TPU\book\372302 
090 |a 342879 
100 |a 20190430d2019 k y0rusy50 ca 
101 0 |a rus 
102 |a RU 
135 |a drcn ---uucaa 
181 0 |a i  
182 0 |a b 
200 0 |a Т. 330, № 4 
203 |a Текст  |c электронный 
210 |d 2019 
320 |a Библиогр. в конце статей 
461 1 |0 (RuTPU)RU\TPU\book\312844  |x 2413-1830  |t Известия Томского политехнического университета [Известия ТПУ]. Инжиниринг георесурсов  |f Национальный исследовательский Томский политехнический университет (ТПУ)  |v Т. 330, № 4  |d 2015-  
601 0 2 |a Национальный исследовательский Томский политехнический университет (ТПУ)  |c (2009- )  |2 stltpush  |3 (RuTPU)RU\TPU\col\15902 
606 1 |a Научно-технический потенциал  |2 stltpush  |3 (RuTPU)RU\TPU\subj\45166  |9 64427 
610 1 |a научные исследования 
610 1 |a труды учёных ТПУ 
610 1 |a геоэкология 
610 1 |a окружающая среда 
610 1 |a математические модели 
610 1 |a утилизация 
610 1 |a химические реакции 
610 1 |a экология 
610 1 |a гидрогеологические факторы 
610 1 |a экосистемы 
610 1 |a экспериментальные исследования 
610 1 |a квазинулевая жесткость 
610 1 |a хвостохранилища 
610 1 |a электроразведка 
610 1 |a углеводородное топливо 
610 1 |a нефтепродукты 
610 1 |a низкие температуры 
610 1 |a сейсморазведка 
610 1 |a газоперекачивающие агрегаты 
610 1 |a агломерация 
610 1 |a фтор 
610 1 |a бестраншейная прокладка 
610 1 |a ударно-волновое нагружение 
610 1 |a теплонасосные системы 
610 1 |a геохимия 
610 1 |a геохимия процессов 
610 1 |a взрывная отбойка 
610 1 |a малодебитные скважины 
610 1 |a ядерный техногенез 
675 |a 62  |v 3 
801 2 |a RU  |b 63413507  |c 20200429  |g RCR 
856 4 0 |u http://earchive.tpu.ru/bitstream/11683/53212/1/bulletin_tpu-2019-v330-i4.pdf 
856 4 0 |u https://doi.org/10.18799/24131830/2019/4 
942 |c CF